| 000 | 00997nam a22002657a 4500 | ||
|---|---|---|---|
| 003 | OSt | ||
| 005 | 20210818181620.0 | ||
| 008 | 170415s2016 ck abd|gr|||| 000 m spa d | ||
| 020 | _a9789587222531 | ||
| 040 | _bspa | ||
| 041 | _aspa | ||
| 082 | 0 | 4 |
_a401.93 _bC197h |
| 100 | 1 |
_aCisneros Estupiñan, Mireya _948610 |
|
| 245 | 1 |
_aHacia la desfragmentación de la didáctica de la lengua materna _cMireya Cisneros Estupiñán, Ilene Rojas García, Giohanny Olave Arias |
|
| 260 |
_aPereira _bUniversidad Tecnológica de Pereira _c2016 |
||
| 300 |
_a172 páginas _bilustraciones, mapas, gráficas |
||
| 490 | _aColección Trabajos de Investigación | ||
| 650 | 0 |
_921157 _aLingûistica Aplicada |
|
| 650 | 0 |
_926158 _aPedagogía |
|
| 650 | 0 |
_911684 _aAlfabetización (Educación) |
|
| 650 | 0 |
_aLengua Materna _vEstudio y Enseñanza _950279 |
|
| 700 |
_aRojas García, Ilene _950280 |
||
| 700 |
_aOlave Arias, Giohanny _950281 |
||
| 942 |
_2ddc _h401.93 C197h _k401.93 _mC197h |
||
| 999 |
_c11542 _d11542 |
||